Loading...
International sysmposium on chemistry of natural products V.2
| Main Author: | |
|---|---|
| Format: | Printed Book |
| Language: | Undetermined English |
| Published: |
Bulgaria
Bulgariam academy of sciences sofia
1978
|
| Subjects: |
| LEADER | 00597nam a2200169Ia 4500 | ||
|---|---|---|---|
| 008 | 140306s9999 xx 000 0 und d | ||
| 041 | |a eng | ||
| 082 | |a 547 |b MAR/IN | ||
| 100 | |a Marekov, N | ||
| 245 | |a International sysmposium on chemistry of natural products V.2 | ||
| 260 | |a Bulgaria |b Bulgariam academy of sciences sofia |c 1978 | ||
| 300 | |a 495 | ||
| 650 | |a Bio organic chemistry | ||
| 650 | |a Organic chemistry | ||
| 942 | |2 ddc |c BK | ||
| 999 | |c 114104 |d 114104 | ||
| 952 | |0 0 |1 0 |2 ddc |4 0 |6 547_000000000000000_MARIN |7 0 |9 112042 |a KAUHCV |b KAUHCV |d 2004-04-20 |o 547 MAR/IN |p KAU_HCV-10777 |r 2014-03-22 |w 2014-03-22 |y BK | ||